In His image : (Record no. 21462)

MARC details
000 -LEADER
fixed length control field 01437cam a2200337 i 4500
001 - CONTROL NUMBER
control field 20151988
003 - CONTROL NUMBER IDENTIFIER
control field OSt
005 - DATE AND TIME OF LATEST TRANSACTION
control field 20260316124306.0
008 - FIXED-LENGTH DATA ELEMENTS--GENERAL INFORMATION
fixed length control field 171122s2018 ilu 001 0 eng
010 ## - LIBRARY OF CONGRESS CONTROL NUMBER
LC control number 2017052040
020 ## - INTERNATIONAL STANDARD BOOK NUMBER
International Standard Book Number 9781433549878
Qualifying information tp
035 ## - SYSTEM CONTROL NUMBER
System control number 20151988
040 ## - CATALOGING SOURCE
Original cataloging agency DLC
Language of cataloging eng
Transcribing agency DLC
Description conventions rda
Modifying agency DLC
042 ## - AUTHENTICATION CODE
Authentication code pcc
050 00 - LIBRARY OF CONGRESS CALL NUMBER
Classification number BT130
Item number .W549 2018
082 00 - DEWEY DECIMAL CLASSIFICATION NUMBER
Classification number 231/.4
Edition number 23
100 1# - MAIN ENTRY--PERSONAL NAME
Personal name Wilkin, Jen,
Dates associated with a name 1969-
Relator term author.
245 10 - TITLE STATEMENT
Title In His image :
Remainder of title 10 ways God calls us to reflect his character /
Statement of responsibility, etc. Jen Wilkin.
264 #1 - PRODUCTION, PUBLICATION, DISTRIBUTION, MANUFACTURE, AND COPYRIGHT NOTICE
Place of production, publication, distribution, manufacture Wheaton, Illinois :
Name of producer, publisher, distributor, manufacturer Crossway,
Date of production, publication, distribution, manufacture, or copyright notice [2018]
300 ## - PHYSICAL DESCRIPTION
Extent 167 pages ;
Dimensions 21 cm
336 ## - CONTENT TYPE
Content type term text
Content type code txt
Source rdacontent
337 ## - MEDIA TYPE
Media type term unmediated
Media type code n
Source rdamedia
338 ## - CARRIER TYPE
Carrier type term volume
Carrier type code nc
Source rdacarrier
500 ## - GENERAL NOTE
General note Includes index.
505 0# - FORMATTED CONTENTS NOTE
Formatted contents note Asking the better question -- God most holy -- God most loving -- God most good -- God most just -- God most merciful -- God most gracious -- God most faithful -- God most patient -- God most truthful -- God most wise -- Engraved with his image.
650 #0 - SUBJECT ADDED ENTRY--TOPICAL TERM
Topical term or geographic name as entry element God (Christianity)
General subdivision Attributes.
776 08 - ADDITIONAL PHYSICAL FORM ENTRY
Relationship information Online version:
Main entry heading Wilkin, Jen, 1969- author.
Title In His image
Place, publisher, and date of publication Wheaton : Crossway, 2018
International Standard Book Number 9781433549885
Record control number (DLC) 2018011739
906 ## - LOCAL DATA ELEMENT F, LDF (RLIN)
a 7
b cbc
c orignew
d 1
e ecip
f 20
g y-gencatlg
942 ## - ADDED ENTRY ELEMENTS (KOHA)
Source of classification or shelving scheme Library of Congress Classification
Koha item type General Collection
Holdings
Withdrawn status Lost status Source of classification or shelving scheme Not for loan Home library Current library Shelving location Date acquired Source of acquisition Inventory number Total Checkouts Full call number Barcode Date last seen Copy number Price effective from Koha item type
    Library of Congress Classification   Kabarak, Main Campus Kabarak, Main Campus General Stacks 16/03/2026 Donation 2025/3421   BT130 .W549 2018 C.1 38457 16/03/2026 C.1 16/03/2026 General Collection
    Library of Congress Classification   Kabarak, Main Campus Kabarak, Main Campus General Stacks 16/03/2026 Donation 2025/3423   BT130 .W549 2018 C.2 38456 16/03/2026 C.2 16/03/2026 General Collection
    Library of Congress Classification   Kabarak, Main Campus Kabarak, Main Campus General Stacks 16/03/2026 Donation 2025/3432   BT130 .W549 2018 C.3 38455 16/03/2026 C.3 16/03/2026 General Collection
Designed with assistance from East African Informatics Ltd